[Event "1st It"]
[Site "Klaksvik FAI"]
[Date "2002.10.15"]
[Round "7"]
[White "Nolsoe,E"]
[Black "Sloth,J"]
[Result "1-0"]
[WhiteElo "2236"]
[BlackElo "2340"]
[EventDate "2002.10.12"]

1. e4 c5 2. Nf3 Nc6 3. d4 cxd4 4. Nxd4 g6 5. Nc3 Bg7 6. Be3 Nf6 7. Bc4 O-O
8. Bb3 d6 9. h3 Bd7 10. O-O Na5 11. Qd3 a6 12. f4 Qc7 13. Rae1 e6 14. Nde2
Nxb3 15. axb3 d5 16. e5 Ne4 17. Nxe4 dxe4 18. Qxe4 Bc6 19. Qc4 b5 20. Qc5
Qb7 21. Rf2 Rfd8 22. Qb6 Qc8 23. b4 Rb8 24. Qa5 Bb7 25. Nd4 Qc4 26. c3 g5
27. Rd2 Rd5 28. Qa1 Qc7 29. Qd1 Kh8 30. Qh5 gxf4 31. Bxf4 Rg8 32. Rf2 Qd7
33. Bg3 f5 34. Kh2 Qe8 35. Qxe8 Rxe8 36. Bf4 Kg8 37. g4 fxg4 38. hxg4 Rd7
39. Bg5 Bf8 40. Rf4 Rf7 41. Ref1 Rxf4 42. Rxf4 Bd5 43. Bf6 Rc8 44. Rf1 Ra8
45. Kg3 Kf7 46. Kf4 Kg6 47. g5 h6 48. Rg1 hxg5+ 49. Rxg5+ Kf7 50. Rh5 Kg6
51. Rg5+ Kf7 52. Rg1 Bh6+ 53. Bg5 Bg7 54. Ra1 Kg6 55. Be7 Bh6+ 56. Kg4 Rg8
57. Rf1 Bg7 58. Bd6 Rh8 59. Ne2 Bc4 60. Nf4+ Kf7 61. Rf2 Rh1 62. Nd5+ Kg6
63. Nc7 Re1 64. Nxa6 Rg1+ 65. Kf3 Bd5+ 66. Ke2 Rb1 67. Kd3 Bc4+ 68. Kc2 Rg1
69. Nc7 Rg3 70. b3 Bd3+ 71. Kb2 Bf5 72. Nxb5 Bh6 73. Nd4 Re3 74. b5 Re1 75.
Nxf5 Bc1+ 76. Kc2 exf5 77. b6 1-0

[Event "1st It"]
[Site "Klaksvik FAI"]
[Date "2002.10.16"]
[Round "8"]
[White "Nolsoe,E"]
[Black "Nilssen,J"]
[Result "1/2-1/2"]
[WhiteElo "2236"]
[BlackElo "2385"]
[EventDate "2002.10.12"]

1. e4 c5 2. Nf3 Nc6 3. c3 Nf6 4. e5 Nd5 5. d4 cxd4 6. Bc4 Nb6 7. Bb3 d5 8.
cxd4 Bg4 9. Be3 e6 10. Nbd2 Be7 11. O-O Rc8 12. a3 Bh5 13. Rc1 O-O 14. h3
Na5 15. Rxc8 Qxc8 16. Bc2 Nac4 17. Qb1 Bg6 18. Bxg6 hxg6 19. Rc1 Qd7 20.
Nxc4 Nxc4 21. Bg5 Bxg5 22. Nxg5 Rc8 23. Rc3 Nd2 24. Qc1 Rxc3 25. Qxc3 Nc4
26. Qg3 Nxb2 27. Qh4 Qc7 28. Qh7+ Kf8 29. Qh8+ Ke7 30. Kh2 Qc1 31. Qb8 Qf4+
32. Kg1 Qc1+ 33. Kh2 Qf4+ 34. Kg1 1/2-1/2

[Event "1st It"]
[Site "Klaksvik FAI"]
[Date "2002.10.16"]
[Round "8"]
[White "Blauert,J"]
[Black "Simonsen,O"]
[Result "1-0"]
[WhiteElo "2418"]
[BlackElo "2239"]
[EventDate "2002.10.12"]

1. e4 e5 2. Nf3 Nc6 3. Bb5 f5 4. Nc3 fxe4 5. Nxe4 d5 6. Nxe5 dxe4 7. Nxc6
Qg5 8. Qe2 Nf6 9. f4 Qxf4 10. d4 Qh4+ 11. g3 Qh3 12. Ne5+ c6 13. Bc4 Be6
14. Bg5 O-O-O 15. O-O-O Bd6 16. Rhf1 Rhf8 17. g4 Rde8 18. Bxe6+ Rxe6 19.
Rf5 Rfe8 20. Bxf6 gxf6 21. Rh5 Qxh5 22. gxh5 fxe5 23. Qxe4 h6 24. dxe5 Bxe5
25. Qf5 Kc7 26. a4 a6 27. h3 R8e7 28. Kb1 Rf6 29. Qg4 Bf4 30. Rf1 Be5 31.
Rxf6 1-0

[Event "1st It"]
[Site "Klaksvik FAI"]
[Date "2002.10.16"]
[Round "8"]
[White "Sloth,J"]
[Black "Simonsen,H"]
[Result "1-0"]
[WhiteElo "2340"]
[BlackElo "2231"]
[EventDate "2002.10.12"]

1. d4 d5 2. Nf3 Nc6 3. g3 Bg4 4. Bg2 Qd7 5. h3 Bf5 6. c3 O-O-O 7. Nbd2 e5
8. dxe5 f6 9. exf6 Nxf6 10. Nd4 Nxd4 11. cxd4 Bd6 12. Nf3 Ne4 13. Bf4 Bb4+
14. Kf1 g5 15. Nxg5 Nxg5 16. Bxg5 Rde8 17. Bf4 Qb5 18. Bf3 Be4 19. Bxe4
Rxe4 20. Rc1 c6 21. Be5 Rf8 22. Qd3 Qb6 23. e3 Be7 24. Rc2 Qd8 25. Kg2 h5
26. f3 Rxf3 1-0

[Event "1st It"]
[Site "Klaksvik FAI"]
[Date "2002.10.16"]
[Round "8"]
[White "Ahlander,B"]
[Black "Olsen,H"]
[Result "1-0"]
[WhiteElo "2393"]
[BlackElo "2248"]
[EventDate "2002.10.12"]

1. d4 Nf6 2. c4 e6 3. Nc3 Bb4 4. e3 O-O 5. Bd3 d5 6. Nf3 c5 7. O-O Nc6 8.
a3 Bxc3 9. bxc3 Qc7 10. Bb2 dxc4 11. Bxc4 e5 12. h3 b6 13. Qe2 Bb7 14. Ba2
Rad8 15. Rad1 Rd7 16. d5 Ne7 17. c4 Ng6 18. Bb1 Re8 19. Bc3 Ba6 20. Qa2 e4
21. Nd2 Ne5 22. Rfe1 h5 23. Nxe4 Nxe4 24. Bxe4 Bxc4 25. Qc2 b5 26. f4 Ng6
27. Bxg6 fxg6 28. Qxg6 Rf8 29. Qxh5 Qb7 30. d6 Qb6 31. Qg4 Rff7 32. Be5 Bb3
33. Rc1 a5 34. e4 c4+ 35. Kh1 b4 36. Qe6 Qf2 37. f5 Ba2 38. Rf1 Qe2 39.
Qe8+ Kh7 40. Rf4 Qh5 41. Bxg7 Kxg7 42. Rg4+ Qxg4 43. hxg4 c3 44. g5 1-0

[Event "1st It"]
[Site "Klaksvik FAI"]
[Date "2002.10.16"]
[Round "9"]
[White "Simonsen,O"]
[Black "Jakobsen,O"]
[Result "1-0"]
[WhiteElo "2239"]
[BlackElo "2381"]
[EventDate "2002.10.12"]

1. e4 c5 2. Nf3 a6 3. c3 e6 4. d4 d5 5. Nbd2 Nc6 6. Bd3 Nf6 7. O-O Be7 8.
Re1 cxd4 9. cxd4 dxe4 10. Nxe4 O-O 11. Bd2 Bd7 12. Ne5 Be8 13. Re3 Nd5 14.
Rh3 f5 15. Nxc6 bxc6 16. Nc3 Bf6 17. Nxd5 cxd5 18. Qe2 Qb6 19. Bc3 Bf7 20.
Rd1 Rfe8 21. Bb1 a5 22. Kh1 Re7 23. f4 g6 24. Re3 Rc7 25. Qd2 Rc4 26. b3
Rc6 27. Bb2 Qc7 28. Rc3 Rxc3 29. Bxc3 Be7 30. Rc1 Bd6 31. g3 Qb6 32. Bb2
Be8 33. Qe3 Bd7 34. Rc5 Kf7 35. Qc3 Ke8 36. a3 Kd8 37. Bd3 Rc8 38. Rxc8+
Bxc8 39. Kg2 Ba6 40. Bc2 Qb5 41. Qe1 Ke7 42. Kf2 a4 43. Qd1 Kd8 44. Ke3
axb3 45. Bxb3 Qf1 46. Qxf1 Bxf1 47. Ba4 h6 48. Bc1 g5 49. Kf2 Bh3 50. Bb5
gxf4 51. gxf4 Bg4 52. a4 Bb4 53. Ke3 e5 54. fxe5 Bh3 55. Kf2 h5 56. Bg5+
1-0